Vista normal
Vista MARC
Entrada Personal Name
Número de registros utilizados en: 1
001 - CONTROL NUMBER
- control field: 60876
003 - CONTROL NUMBER IDENTIFIER
- control field: OSt
005 - DATE AND TIME OF LATEST TRANSACTION
- control field: 20250704150940.0
008 - FIXED-LENGTH DATA ELEMENTS
- fixed length control field: 250704|| aca||aabn | a|a d
040 ## - CATALOGING SOURCE
- Original cataloging agency: OSt
- Transcribing agency: OSt
100 ## - HEADING--PERSONAL NAME
- Personal name: Gómez, Silvia
- Fuller form of name: Gómez Casado
670 ## - SOURCE DATA FOUND
- Source citation: Work cat.: (OSt)57505: Niño, Jairo Aníbal 1941-2010 autor, El inventor de lunas